Municipios españoles más poblados que comienzan con Z - Estadísticas

Estadísticas generales
  • Esta prueba ha sido intentada 456 veces
  • La puntuación promedio es 4 de 10
Estadísticas de respuestas
Población Municipio Comunidad % Correcto
683.949 Zaragoza Aragón
99%
59.362 Zamora Castilla y León
95%
23.127 Zarautz País Vasco
72%
16.655 Zafra Extremadura
54%
10.189 Zumaia País Vasco
36%
15.700 Zizur Mayor Navarra
22%
8.639 Zuera Aragón
19%
9.660 Zumarraga País Vasco
19%
8.322 Zalla País Vasco
14%
6.344 Zaratán Castilla y León
8%
No se encontraron pruebas coincidentes
Distribución de puntuación
Porcentaje de gente con cada puntuación
Porcentaje por número respondido
Historial de tus puntuaciones
No has intentado esta prueba.